000 00287nam a22001337a 4500
008 180919b xxu||||| |||| 00| 0 eng d
020 _a9780534364731
041 _aeng
080 _a316
100 _a50
101 _aSOC
245 _aConstructing Gender
_cJulia, M
942 _2udc
_cBK
999 _c48051
_d48051